| 000 | 00865nam a22001937a 4500 | ||
|---|---|---|---|
| 003 | OSt | ||
| 005 | 20151026133603.0 | ||
| 008 | 130715s2012 sp ||||| |||| 00| 0 spa d | ||
| 040 | _cCDMR | ||
| 100 | 1 |
_93949 _aVargas Liñán, María Belén |
|
| 245 | 1 | 3 |
_aLa música en la prensa española (1833-1874) _b: fuentes y metodología, estudio a través de las publicaciones periódicas de Granada _cMaría Belén Vargas Liñán ; director Francisco José Giménez Rodríguez _h[recurs electrònic] |
| 260 |
_c2013 _aGranada |
||
| 502 |
_aTesi doctoral defensada el 17 de juliol de 2012 _cUniversidad de Granada |
||
| 650 | 0 | 4 |
_92994 _aTesis i dissertacions acadèmiques |
| 700 | 1 |
_93948 _aGiménez Rodríguez, Francisco José |
|
| 710 | 2 |
_93947 _aUniversidad de Granada |
|
| 856 | 4 | 0 |
_uhttp://digibug.ugr.es/handle/10481/23756 _yDisponible en línia (UGr) |
| 942 |
_2udc _cTSN-E |
||
| 999 |
_c6594 _d6594 |
||